书目信息 |
| 题名: |
泰国
|
|
| 作者: | 洛克, , 克拉特巴克, , 洛克 , 威尔逊, 著 ;张清华 , 吴文耀 , 陈喜波 译 | |
| 分册: | ||
| 出版信息: | 北京 中华书局 2005 |
|
| 页数: | 288页 | |
| 开本: | 22cm | |
| 丛书名: | 探险家旅游系列丛书 | |
| 单 册: | ||
| 中图分类: | K933.69 | |
| 科图分类: | ||
| 主题词: | 旅游指南--lv you zhi nan--泰国 | |
| 电子资源: | ||
| ISBN: | 7-101-04009-8 | |
| 000 | 01044nam 2200325 450 | |
| 001 | CAL 012005120358 | |
| 005 | 20061122111839.90 | |
| 010 | @a7-101-04009-8@dCNY 56.00 | |
| 099 | @aCAL 012005120358 | |
| 100 | @a20051031d2005 em y0chiy0121 ea | |
| 101 | 1 | @achi@ceng |
| 102 | @aCN@b110000 | |
| 200 | 1 | @a泰国@Atai guo@f洛克等著@Fluo ke deng zhu@g陈喜波 ... [等] 译 |
| 210 | @a北京@c中华书局@d2005 | |
| 215 | @a288页@c彩图, 地图@d22cm | |
| 225 | 2 | @a探险家旅游系列丛书@Atan xian jia lv you xi lie cong shu |
| 304 | @a题名页题其他译者: 张清华, 吴文耀, 郝婷 | |
| 320 | @a有索引 | |
| 410 | 0 | @12001 @a探险家旅游系列丛书 |
| 606 | 0 | @a旅游指南@Alv you zhi nan@y泰国 |
| 690 | @aK933.69@v4 | |
| 701 | 1 | @a洛克,@Aluo ke@b蒂姆@4著 |
| 701 | 1 | @a克拉特巴克,@Ake la te ba ke@b马丁@4著 |
| 701 | 0 | @a洛克@Aluo ke@4著 |
| 701 | 1 | @a威尔逊,@Awei er xun@b迪科@4著 |
| 702 | 0 | @a张清华@Azhang qing hua@4译 |
| 702 | 0 | @a吴文耀@Awu wen yao@4译 |
| 702 | 0 | @a陈喜波@Achen xi bo@4译 |
| 801 | @aCN@c20061122 | |
| 905 | @a10447@dK933.69@eL986 | |
| 泰国/洛克等著/陈喜波 ... [等] 译.-北京:中华书局,2005 |
| 288页:彩图, 地图;22cm.-(探险家旅游系列丛书) |
| ISBN 7-101-04009-8:CNY 56.00 |
| ● |
| 相关链接 |
|
|
|
正题名:泰国
索取号:K933.69/L986
 
预约/预借
| 序号 | 登录号 | 条形码 | 馆藏地/架位号 | 状态 | 备注 |
| 1 | 615706 | 206157068 | 社科库309/309社科库 26排2列3层/ [索取号:K933.69/L986] | 在馆 | |
| 2 | 615707 | 206157077 | 社科库309/309社科库 26排2列3层/ [索取号:K933.69/L986] | 在馆 |